Managerial accounting for managers / (Record no. 96287)

MARC details
000 -LEADER
fixed length control field 00776cam a2200253 a 4500
008 - FIXED-LENGTH DATA ELEMENTS--GENERAL INFORMATION
fixed length control field
020 ## - INTERNATIONAL STANDARD BOOK NUMBER
International Standard Book Number 0073526975 (hbk.)
049 ## - LOCAL HOLDINGS (OCLC)
Holding library MAIN
090 ## - LOCALLY ASSIGNED LC-TYPE CALL NUMBER (OCLC); LOCAL CALL NUMBER (RLIN)
Classification number (OCLC) (R) ; Classification number, CALL (RLIN) (NR) HF5657.4
Local cutter number (OCLC) ; Book number/undivided call number, CALL (RLIN) NOR
003 - CONTROL NUMBER IDENTIFIER
control field
005 - DATE AND TIME OF LATEST TRANSACTION
control field 20230120133832.0
040 ## - CATALOGING SOURCE
Transcribing agency NUST
100 1# - MAIN ENTRY--PERSONAL NAME
Personal name Noreen, Eric W.
245 10 - TITLE STATEMENT
Title Managerial accounting for managers /
Statement of responsibility, etc. Eric W. Noreen, Peter C. Brewer and Ray H. Garrison.
260 ## - PUBLICATION, DISTRIBUTION, ETC.
Place of publication, distribution, etc. Boston :
Name of publisher, distributor, etc. McGraw-Hill Irwin,
Date of publication, distribution, etc. c2008.
300 ## - PHYSICAL DESCRIPTION
Extent xxvi, 646 p. :
Other physical details col ill. ;
Dimensions 29 cm.
504 ## - BIBLIOGRAPHY, ETC. NOTE
Bibliography, etc. note Includes bibliographical references.
500 ## - GENERAL NOTE
General note Includes index.
650 #0 - SUBJECT ADDED ENTRY--TOPICAL TERM
Topical term or geographic name entry element Managerial accounting.
700 1# - ADDED ENTRY--PERSONAL NAME
Personal name Brewer, Peter C.
700 1# - ADDED ENTRY--PERSONAL NAME
Personal name Garrison, Ray H.
907 ## - LOCAL DATA ELEMENT G, LDG (RLIN)
a .b10286287
b 28-11-14
c 04-11-10
942 ## - ADDED ENTRY ELEMENTS (KOHA)
Koha item type Ordinary Loan Books
Call number prefix HF5657.4
Call number suffix NOR
Holdings
Date last seen Total Checkouts Full call number Barcode Cost, replacement price Price effective from Koha item type Lost status Source of classification or shelving scheme Damaged status Not for loan Collection Withdrawn status Home library Current library Shelving location Date acquired Cost, normal purchase price
01/20/2023 1 HF5657.4 NOR 92004015868 80.00 01/20/2023 BOOKS   LCC     NFIC   GSB GSB GEN 01/20/2023 80.00